[Event "Aeroflot Open B 2015"]
[Site "Moscú RUS"]
[Date "2015.03.27"]
[Round "1.1"]
[White "Rozum, Ivan"]
[Black "Tologontegin, Semetey"]
[Result "1-0"]
[WhiteElo "2545"]
[BlackElo "2399"]
[PlyCount "105"]
[EventDate "2015.03.27"]
[EventRounds "9"]
[EventCountry "RUS"]
[Source "lmi"]
[SourceDate "2015.03.27"]

1. d4 Nf6 2. c4 e6 3. Nf3 Bb4+ 4. Bd2 Qe7 5. g3 Bxd2+ 6. Qxd2 Nc6 7. b3 Ne4 8.
Qb2 d5 9. Nbd2 f5 10. Bg2 b6 11. O-O Bb7 12. e3 g5 13. a3 h5 14. h4 gxh4 15.
Nxh4 Rg8 16. cxd5 exd5 17. Nxf5 Qf6 18. Nh4 O-O-O 19. Ndf3 Kb8 20. Rfc1 Rg7 21.
Qe2 Rdg8 22. Rc2 Ne7 23. Rac1 Nf5 24. Nxf5 Qxf5 25. Nh4 Qg5 26. Qf3 Nd6 27. Qf4
Qd8 28. Nf3 Rg4 29. Qe5 h4 30. Rxc7 hxg3 31. Rxb7+ Ka8 32. Re7 gxf2+ 33. Kxf2
Rxg2+ 34. Ke1 Rg1+ 35. Nxg1 Rxg1+ 36. Kd2 Ne4+ 37. Kd3 Rxc1 38. Re8 Rc3+ 39.
Ke2 Rc2+ 40. Kd1 Rc8 41. Rxd8 Rxd8 42. Qc7 Rg8 43. b4 b5 44. Qc6+ Kb8 45. Qxb5+
Kc7 46. Qa5+ Kb8 47. b5 Rg5 48. Qd8+ Kb7 49. Qd7+ Kb8 50. a4 Rg1+ 51. Kc2 Rg2+
52. Kb3 a5 53. bxa6 1-0

[Event "Aeroflot Open B 2015"]
[Site "Moscú RUS"]
[Date "2015.03.27"]
[Round "1.2"]
[White "Le, Tuan Minh"]
[Black "Kryakvin, Dmitry"]
[Result "1-0"]
[WhiteElo "2393"]
[BlackElo "2544"]
[PlyCount "113"]
[EventDate "2015.03.27"]
[EventRounds "9"]
[EventCountry "RUS"]
[Source "lmi"]
[SourceDate "2015.03.27"]

1. d4 d5 2. c4 dxc4 3. Nc3 Nf6 4. e4 e5 5. d5 c6 6. Bg5 Bb4 7. Bxf6 Qxf6 8.
Bxc4 Bxc3+ 9. bxc3 Qg6 10. Qf3 O-O 11. h3 Nd7 12. dxc6 Nb6 13. Bb3 Qxc6 14. Ne2
Nc4 15. Bxc4 Qxc4 16. O-O Be6 17. Rfb1 b6 18. a4 Rac8 19. a5 b5 20. a6 Qc5 21.
Ng3 f6 22. Ra5 Rb8 23. h4 g6 24. h5 Rb6 25. hxg6 hxg6 26. Qd3 Qc4 27. Qe3 Kg7
28. Nf1 Rd8 29. Ra3 Qc6 30. f3 Rd7 31. Rba1 Qd6 32. Qf2 Rc7 33. Ne3 Qc5 34. Nd1
Qxf2+ 35. Kxf2 Rd7 36. Ke1 f5 37. Ne3 fxe4 38. fxe4 b4 39. cxb4 Rxb4 40. Ra4
Rb2 41. Ra5 Rd3 42. R5a3 Bb3 43. Ng4 Rg3 44. Nxe5 Rgxg2 45. Kf1 Rgd2 46. Kg1
Kh6 47. Rc1 Kh5 48. Ra5 Rg2+ 49. Kh1 Kh4 50. Nf3+ Kh3 51. Rac5 Rg3 52. R5c3 Ba4
53. e5 Bb5 54. e6 Rbg2 55. Ng5+ Kh4 56. Rxg3 Re2 57. Rg2 1-0

[Event "Aeroflot Open B 2015"]
[Site "Moscú RUS"]
[Date "2015.03.27"]
[Round "1.3"]
[White "Bortnyk, Olexandr"]
[Black "Litvinov, Maxim"]
[Result "1-0"]
[WhiteElo "2543"]
[BlackElo "2389"]
[PlyCount "59"]
[EventDate "2015.03.27"]
[EventRounds "9"]
[EventCountry "RUS"]
[Source "lmi"]
[SourceDate "2015.03.27"]

1. d4 Nf6 2. c4 e6 3. Nc3 d5 4. cxd5 exd5 5. Bg5 c6 6. e3 Be7 7. Qc2 Nbd7 8.
Bd3 Nh5 9. Bxe7 Qxe7 10. Nge2 Nhf6 11. O-O O-O 12. Rae1 Nb6 13. Nc1 Be6 14. Nb3
Rad8 15. f3 g6 16. Nc5 Nc8 17. Ne2 Nh5 18. Qc3 Nd6 19. e4 dxe4 20. fxe4 Bc8 21.
e5 Nf5 22. Bc4 Nhg7 23. Ne4 Be6 24. Nf6+ Kh8 25. Qh3 h5 26. Bxe6 Qxe6 27. g4
Nh6 28. Nf4 Qc4 29. Re4 Rxd4 30. Qe3 1-0

[Event "Aeroflot Open B 2015"]
[Site "Moscú RUS"]
[Date "2015.03.27"]
[Round "1.4"]
[White "Gevorgyan, David"]
[Black "Guliyev, Namig"]
[Result "1/2-1/2"]
[WhiteElo "2386"]
[BlackElo "2539"]
[PlyCount "120"]
[EventDate "2015.03.27"]
[EventRounds "9"]
[EventCountry "RUS"]
[Source "lmi"]
[SourceDate "2015.03.27"]

1. e4 c5 2. Nf3 d6 3. Bb5+ Nc6 4. O-O Bd7 5. Re1 a6 6. Bxc6 Bxc6 7. d4 cxd4 8.
Nxd4 Rc8 9. c4 e6 10. b3 Nf6 11. Nc3 Be7 12. Bb2 O-O 13. Qe2 Re8 14. Rad1 Qc7
15. Rd3 Bf8 16. Nxc6 Qxc6 17. e5 dxe5 18. Qxe5 Nd7 19. Qh5 g6 20. Qe2 Nc5 21.
Ne4 Nxe4 22. Qxe4 Qxe4 23. Rxe4 b5 24. Bf6 e5 25. g4 bxc4 26. bxc4 Re6 27. g5
h6 28. h4 Bg7 29. Bxg7 Kxg7 30. Rd5 Rec6 31. Rdxe5 Rxc4 32. Kg2 R8c5 33. Rxc4
Rxc4 34. Ra5 Rxh4 35. gxh6+ Kxh6 36. Rxa6 f5 37. a4 Kh5 38. Ra8 Rb4 39. Kf3 Kg5
40. a5 Rb3+ 41. Kg2 Ra3 42. a6 Kg4 43. Rb8 Rxa6 44. Rb4+ Kh5 45. Rb7 Ra3 46. f3
Re3 47. Kg3 Kg5 48. Ra7 Kf6 49. Ra6+ Re6 50. Ra8 g5 51. Rf8+ Kg6 52. Rh8 Re3
53. Rg8+ Kh6 54. Rf8 f4+ 55. Kg4 Re2 56. Rf6+ Kg7 57. Kxg5 Rg2+ 58. Kf5 Rg3 59.
Kxf4 Rxf3+ 60. Kxf3 Kxf6 1/2-1/2

[Event "Aeroflot Open B 2015"]
[Site "Moscú RUS"]
[Date "2015.03.27"]
[Round "1.5"]
[White "Yudin, Sergei"]
[Black "Petrosian, Davit G"]
[Result "1-0"]
[WhiteElo "2534"]
[BlackElo "2382"]
[PlyCount "69"]
[EventDate "2015.03.27"]
[EventRounds "9"]
[EventCountry "RUS"]
[Source "lmi"]
[SourceDate "2015.03.27"]

1. e4 e6 2. d4 d5 3. Nd2 Nf6 4. e5 Nfd7 5. f4 c5 6. Ngf3 Nc6 7. Nb3 Qb6 8. c3
a5 9. a4 cxd4 10. Nfxd4 Nc5 11. Be3 Nxb3 12. Qxb3 Bc5 13. Qxb6 Bxb6 14. Nf5
Bxe3 15. Nxe3 g5 16. g3 Bd7 17. Bd3 Ke7 18. Kf2 gxf4 19. gxf4 d4 20. Nc4 Rag8
21. Rhg1 dxc3 22. bxc3 f6 23. Be4 fxe5 24. fxe5 h6 25. Ke3 Rxg1 26. Rxg1 Rf8
27. Rg6 Rf1 28. Rxh6 Re1+ 29. Kd3 Kd8 30. Rh8+ Kc7 31. Rh7 Kd8 32. h4 Ne7 33.
Nxa5 Bxa4 34. Nxb7+ Ke8 35. Rh8+ 1-0

[Event "Aeroflot Open B 2015"]
[Site "Moscú RUS"]
[Date "2015.03.27"]
[Round "1.6"]
[White "Gorbatov, Alexej"]
[Black "Kovalev, Vladislav"]
[Result "0-1"]
[WhiteElo "2372"]
[BlackElo "2531"]
[PlyCount "118"]
[EventDate "2015.03.27"]
[EventRounds "9"]
[EventCountry "RUS"]
[Source "lmi"]
[SourceDate "2015.03.27"]

1. d4 Nf6 2. Bf4 g6 3. Nc3 d5 4. Nb5 Na6 5. e3 c6 6. Nc3 Nb8 7. Bd3 Bg7 8. h3
O-O 9. Nf3 c5 10. dxc5 Nbd7 11. O-O Nxc5 12. Be2 b6 13. Ne5 Bb7 14. Bf3 e6 15.
a4 Rc8 16. Qb1 a6 17. Rd1 Qe7 18. Qa2 Nfd7 19. Nxd7 Nxd7 20. Qb3 Qc5 21. Ra3
Ne5 22. Bxe5 Bxe5 23. g3 Rfd8 24. Rd2 Qa5 25. Nb1 Kg7 26. c3 Qc5 27. Qd1 Bc6
28. Ra1 b5 29. axb5 axb5 30. b4 Qe7 31. Ra3 Qf6 32. Bg2 Rc7 33. f4 Bd6 34. e4
e5 35. exd5 Bd7 36. Rf2 exf4 37. Nd2 Bf5 38. g4 Bc8 39. Ne4 Qe5 40. g5 Be7 41.
h4 Rxd5 42. Qf3 Bf5 43. Nf6 Rd8 44. Nd5 Rcd7 45. Nxe7 Rxe7 46. Qxf4 Rd1+ 47.
Bf1 Qxf4 48. Rxf4 Ree1 49. Ra7 Be6 50. Rc7 Rc1 51. Rf6 h6 52. Re7 hxg5 53. hxg5
Kf8 54. Rc7 Bc4 55. Rxc4 bxc4 56. b5 Rxc3 57. b6 Rb1 58. Kf2 Rb2+ 59. Kg1 Rc1
0-1

[Event "Aeroflot Open B 2015"]
[Site "Moscú RUS"]
[Date "2015.03.27"]
[Round "1.7"]
[White "Sivuk, Vitaly"]
[Black "Golubov, Saveliy"]
[Result "1/2-1/2"]
[WhiteElo "2527"]
[BlackElo "2362"]
[PlyCount "64"]
[EventDate "2015.03.27"]
[EventRounds "9"]
[EventCountry "RUS"]
[Source "lmi"]
[SourceDate "2015.03.27"]

1. Nf3 Nf6 2. c4 e6 3. g3 d5 4. Bg2 Be7 5. O-O O-O 6. b3 d4 7. d3 Nc6 8. a3 a5
9. e3 e5 10. exd4 exd4 11. Ra2 Bf5 12. Bg5 h6 13. Bxf6 Bxf6 14. Re2 Qd7 15. Ne1
Rfe8 16. Nd2 Qd6 17. a4 Rxe2 18. Qxe2 Qe7 19. Ne4 Bxe4 20. Bxe4 Nb4 21. Qh5 c6
22. Ng2 g6 23. Qd1 Re8 24. h4 h5 25. f4 Na2 26. Qf3 Nc3 27. Re1 Qd6 28. Kh2 Bg7
29. f5 Nxe4 30. Rxe4 Rxe4 31. Qxe4 Be5 32. Kh3 Kg7 1/2-1/2

[Event "Aeroflot Open B 2015"]
[Site "Moscú RUS"]
[Date "2015.03.27"]
[Round "1.8"]
[White "Liu, Chang"]
[Black "Kharchenko, Boris"]
[Result "1/2-1/2"]
[WhiteElo "2357"]
[BlackElo "2514"]
[PlyCount "112"]
[EventDate "2015.03.27"]
[EventRounds "9"]
[EventCountry "RUS"]
[Source "lmi"]
[SourceDate "2015.03.27"]

1. e4 e5 2. Nc3 Nf6 3. g3 d5 4. exd5 Nxd5 5. Bg2 Nxc3 6. bxc3 Nc6 7. Nf3 Be7 8.
Qe2 O-O 9. O-O Bf6 10. Bb2 Bf5 11. d3 Qd7 12. Rfe1 Rfe8 13. Nd2 Rad8 14. Qe3
Bh3 15. Bh1 Be7 16. Nb3 Be6 17. Nc5 Bxc5 18. Qxc5 Bd5 19. Bxd5 Qxd5 20. Qxd5
Rxd5 21. c4 Rdd8 22. Re2 f6 23. Bc3 Kf7 24. Rb1 b6 25. Kf1 Nb8 26. f3 Na6 27.
a4 Nc5 28. a5 Ne6 29. Kf2 h5 30. h4 Rg8 31. axb6 axb6 32. Rbe1 Rde8 33. Re4 Nc5
34. R4e2 Ne6 35. Re4 Nc5 36. R4e2 Nb7 37. Ra1 Ra8 38. Ree1 Nc5 39. Bd2 Ne6 40.
Be3 Rgd8 41. Ke2 Kg6 42. Rg1 Kf5 43. Kf2 Rh8 44. Ke2 Rxa1 45. Rxa1 g5 46. Rh1
g4 47. Rf1 Kg6 48. f4 Ng7 49. fxe5 fxe5 50. Ra1 Nf5 51. Bf2 Nd4+ 52. Bxd4 exd4
53. Ra7 Re8+ 54. Kf2 Rf8+ 55. Kg2 c5 56. Rb7 Rf6 1/2-1/2

[Event "Aeroflot Open B 2015"]
[Site "Moscú RUS"]
[Date "2015.03.27"]
[Round "1.9"]
[White "Evdokimov, Alexander A"]
[Black "Kanter, Eduard"]
[Result "1/2-1/2"]
[WhiteElo "2505"]
[BlackElo "2349"]
[PlyCount "129"]
[EventDate "2015.03.27"]
[EventRounds "9"]
[EventCountry "RUS"]
[Source "lmi"]
[SourceDate "2015.03.27"]

1. d4 Nf6 2. c4 e6 3. Nf3 Bb4+ 4. Nbd2 O-O 5. a3 Be7 6. e4 d6 7. Be2 a5 8. b3
e5 9. Bb2 exd4 10. Nxd4 Nc6 11. Nc2 Nd7 12. O-O Re8 13. b4 Bf6 14. Qb1 axb4 15.
axb4 Rxa1 16. Bxa1 Bxa1 17. Qxa1 Qg5 18. f4 Qf6 19. Bd3 b6 20. Qxf6 Nxf6 21.
Re1 Bb7 22. Nb1 Nb8 23. Nc3 Na6 24. Nd5 c5 25. b5 Bxd5 26. bxa6 Bc6 27. Rb1 Nd7
28. Ne3 Ra8 29. Ra1 Ra7 30. Nf5 Nb8 31. Nxd6 Rxa6 32. Rxa6 Nxa6 33. Nc8 Nb4 34.
Bb1 Ba4 35. Nxb6 Bb3 36. Kf2 f6 37. Ke3 Kf7 38. Kd2 Ke6 39. Kc3 Bd1 40. Nd5 Nc6
41. Bd3 Nd4 42. Nc7+ Kd7 43. Nb5 Ne2+ 44. Bxe2 Bxe2 45. g3 Bf1 46. Na3 Bg2 47.
Kd3 Bf1+ 48. Ke3 Ke6 49. Kf3 Bd3 50. h3 h6 51. h4 h5 52. Ke3 Bf1 53. Kf2 Bd3
54. Kf3 Bf1 55. Ke3 Kd6 56. Kd2 Ke6 57. Kc3 Bg2 58. Kd3 Bf1+ 59. Ke3 Kd6 60.
Kf2 Bd3 61. Kf3 Ke6 62. Ke3 Bf1 63. Kd2 Bg2 64. Kd3 Bf1+ 65. Ke3 1/2-1/2

[Event "Aeroflot Open B 2015"]
[Site "Moscú RUS"]
[Date "2015.03.27"]
[Round "1.10"]
[White "Vuilleumier, Alexandre"]
[Black "Papin, Vasily"]
[Result "1/2-1/2"]
[WhiteElo "2349"]
[BlackElo "2501"]
[PlyCount "68"]
[EventDate "2015.03.27"]
[EventRounds "9"]
[EventCountry "RUS"]
[Source "lmi"]
[SourceDate "2015.03.27"]

1. e4 c5 2. Nf3 Nc6 3. Bb5 Na5 4. O-O a6 5. Be2 e6 6. d4 cxd4 7. Qxd4 Nc6 8.
Qe3 Qc7 9. Nc3 Nf6 10. Bd3 d6 11. Nd2 Be7 12. Nc4 Rb8 13. Qb6 Bd8 14. Qxc7 Bxc7
15. Bf4 Ke7 16. a4 b6 17. Rfd1 Bb7 18. f3 h6 19. Kf2 Nd7 20. Be2 Nce5 21. Na2
Rhc8 22. Nb4 Nxc4 23. Bxc4 d5 24. Bxc7 Rxc7 25. Bxa6 Bxa6 26. exd5 Ke8 27. Nxa6
Rxc2+ 28. Kg3 Ra8 29. dxe6 fxe6 30. Nb4 Rc4 31. Nd3 Raxa4 32. Rxa4 Rxa4 33. Nf4
e5 34. Nd5 Ra2 1/2-1/2

[Event "Aeroflot Open B 2015"]
[Site "Moscú RUS"]
[Date "2015.03.27"]
[Round "1.11"]
[White "Khusnutdinov, Rustam"]
[Black "Abhishek, Kelkar"]
[Result "1-0"]
[WhiteElo "2490"]
[BlackElo "2343"]
[PlyCount "71"]
[EventDate "2015.03.27"]
[EventRounds "9"]
[EventCountry "RUS"]
[Source "lmi"]
[SourceDate "2015.03.27"]

1. e4 e5 2. Nf3 Nc6 3. Bb5 a6 4. Ba4 Nf6 5. O-O Be7 6. d3 d6 7. c3 O-O 8. Nbd2
b5 9. Bc2 d5 10. Qe2 Re8 11. Rd1 Nh5 12. Nf1 Bf6 13. exd5 Nf4 14. Bxf4 exf4 15.
Qd2 Qxd5 16. Qxf4 Ne5 17. Nxe5 Bxe5 18. Qh4 Bf6 19. Qg3 Bb7 20. Ne3 Qh5 21. d4
Bh4 22. Qh3 Bc8 23. Qf3 Qxf3 24. gxf3 Bb7 25. Kg2 Re6 26. c4 Bg5 27. cxb5 Bxe3
28. bxa6 Bd5 29. fxe3 Rxe3 30. Re1 Rxf3 31. Bb3 Rf5+ 32. Bxd5 Rxd5 33. Re7 c6
34. a7 g6 35. Rb7 Rdd8 36. Re1 1-0

[Event "Aeroflot Open B 2015"]
[Site "Moscú RUS"]
[Date "2015.03.27"]
[Round "1.12"]
[White "Demianjuk, Alexander"]
[Black "Pavlov, Sergey"]
[Result "1-0"]
[WhiteElo "2340"]
[BlackElo "2490"]
[PlyCount "75"]
[EventDate "2015.03.27"]
[EventRounds "9"]
[EventCountry "RUS"]
[Source "lmi"]
[SourceDate "2015.03.27"]

1. d4 Nf6 2. c4 g6 3. Nc3 Bg7 4. e4 d6 5. Be2 O-O 6. Nf3 e5 7. O-O exd4 8. Nxd4
Re8 9. f3 c6 10. Kh1 Nbd7 11. Bf4 Nh5 12. Be3 f5 13. Qd2 f4 14. Bf2 Be5 15.
Rfd1 Ng3+ 16. Kg1 Nxe2+ 17. Ndxe2 Qf6 18. Rac1 Nb6 19. b3 Be6 20. a4 Nd7 21.
Nd4 Bf7 22. a5 a6 23. Na4 Rad8 24. b4 g5 25. h3 h5 26. b5 axb5 27. cxb5 c5 28.
Nf5 Bb3 29. Re1 d5 30. Nxc5 Nxc5 31. Bxc5 dxe4 32. Qb4 Ba2 33. Ne7+ Kg7 34.
Qxe4 Bb2 35. Rc2 Bd5 36. Qd3 Be6 37. Qe4 Bc8 38. Rxb2 1-0

[Event "Aeroflot Open B 2015"]
[Site "Moscú RUS"]
[Date "2015.03.27"]
[Round "1.13"]
[White "Danielian, Elina"]
[Black "Pustovoitova, Daria"]
[Result "1-0"]
[WhiteElo "2488"]
[BlackElo "2339"]
[PlyCount "91"]
[EventDate "2015.03.27"]
[EventRounds "9"]
[EventCountry "RUS"]
[Source "lmi"]
[SourceDate "2015.03.27"]

1. Nf3 Nf6 2. c4 c6 3. e3 d5 4. Nc3 e6 5. b3 Nbd7 6. Bb2 Bd6 7. Qc2 O-O 8. Be2
a6 9. h3 b5 10. g4 bxc4 11. bxc4 Rb8 12. g5 Ne4 13. h4 Qb6 14. Nd1 Qa5 15. Kf1
e5 16. d3 Nec5 17. d4 Qa4 18. Qxa4 Nxa4 19. dxe5 Bc7 20. Ba3 Re8 21. cxd5 cxd5
22. Rc1 Bxe5 23. h5 f6 24. Rh4 Nab6 25. Nxe5 Nxe5 26. gxf6 gxf6 27. Nc3 Be6 28.
Bd6 Ra8 29. Rf4 Nbc4 30. Bc5 Kg7 31. Bd4 Rac8 32. h6+ Kg6 33. Kg2 Rg8 34. Kh2
Kxh6 35. Rxf6+ Rg6 36. Rxg6+ hxg6 37. Kg3 g5 38. Rh1+ Kg6 39. f4 gxf4+ 40. exf4
Nc6 41. Bh5+ Kf5 42. Bg4+ Kg6 43. Bxe6 Rb8 44. f5+ Kg5 45. Bg7 Ne7 46. f6 1-0

[Event "Aeroflot Open B 2015"]
[Site "Moscú RUS"]
[Date "2015.03.27"]
[Round "1.14"]
[White "Abdulov, Orkhan"]
[Black "Gavrilov, Alexei"]
[Result "1-0"]
[WhiteElo "2337"]
[BlackElo "2485"]
[PlyCount "77"]
[EventDate "2015.03.27"]
[EventRounds "9"]
[EventCountry "RUS"]
[Source "lmi"]
[SourceDate "2015.03.27"]

1. e4 e6 2. d4 d5 3. Nd2 c5 4. exd5 exd5 5. Ngf3 Nf6 6. Bb5+ Bd7 7. Bxd7+ Nbxd7
8. O-O Be7 9. dxc5 Nxc5 10. Nb3 Nce4 11. Nfd4 Qd7 12. f3 Nd6 13. c3 O-O 14. Nc5
Qc7 15. Nd3 Rfe8 16. Re1 Nc4 17. Kh1 Nd7 18. Bf4 Qa5 19. b3 Na3 20. Ne5 Bg5 21.
Bxg5 Nxe5 22. Qd2 Nb5 23. Qe3 Nd6 24. Qd2 Rac8 25. Bf4 f6 26. Re3 Ndf7 27. Rae1
Qa6 28. Bg3 Red8 29. f4 Ng4 30. Re7 Ngh6 31. Qe3 Kh8 32. f5 Qxa2 33. Bf4 Qa6
34. Bxh6 Nxh6 35. Rxg7 Re8 36. Re7 Rxe7 37. Qxe7 Ng8 38. Qd7 Qa2 39. Qxc8 1-0

[Event "Aeroflot Open B 2015"]
[Site "Moscú RUS"]
[Date "2015.03.27"]
[Round "1.15"]
[White "Kotanjian, Tigran"]
[Black "Mammadzada, Gunay"]
[Result "1-0"]
[WhiteElo "2482"]
[BlackElo "2336"]
[PlyCount "93"]
[EventDate "2015.03.27"]
[EventRounds "9"]
[EventCountry "RUS"]
[Source "lmi"]
[SourceDate "2015.03.27"]

1. d4 d5 2. c4 c6 3. Nf3 Nf6 4. Nc3 dxc4 5. a4 Bf5 6. Ne5 e6 7. f3 Bb4 8. e4
Bxe4 9. fxe4 Nxe4 10. Bd2 Qxd4 11. Nxe4 Qxe4+ 12. Qe2 Bxd2+ 13. Kxd2 Qd5+ 14.
Kc2 O-O 15. Nxc4 Na6 16. Qe5 Rab8 17. a5 f6 18. Qxd5 cxd5 19. Ne3 Rfc8+ 20. Kb1
Kf7 21. Be2 f5 22. Rd1 Nc5 23. Ra3 Kf6 24. Nc2 Ne4 25. Rb3 g6 26. Nd4 Nc5 27.
Rb4 h5 28. Nf3 b6 29. a6 Rd8 30. Nd4 Rbc8 31. Rc1 e5 32. Nb5 Nxa6 33. Rxc8 Rxc8
34. Nxa7 Nxb4 35. Nxc8 e4 36. Nxb6 d4 37. Bc4 Kg5 38. Nd5 Nc6 39. b4 d3 40. Kb2
f4 41. Kc3 Kf5 42. b5 Na5 43. b6 Ke5 44. Nb4 Kd6 45. Bd5 Kc5 46. Bxe4 Kxb6 47.
Nd5+ 1-0

[Event "Aeroflot Open B 2015"]
[Site "Moscú RUS"]
[Date "2015.03.27"]
[Round "1.16"]
[White "Lomasov, Semen"]
[Black "Firat, Burak"]
[Result "0-1"]
[WhiteElo "2335"]
[BlackElo "2478"]
[PlyCount "74"]
[EventDate "2015.03.27"]
[EventRounds "9"]
[EventCountry "RUS"]
[Source "lmi"]
[SourceDate "2015.03.27"]

1. e4 c5 2. Nc3 a6 3. g3 b5 4. Bg2 Bb7 5. d3 e6 6. Be3 Nf6 7. Nf3 d6 8. O-O
Nbd7 9. Re1 Be7 10. a3 O-O 11. h3 Qc7 12. Qd2 Rac8 13. Bf4 Ne5 14. Nxe5 dxe5
15. Bg5 Rfd8 16. Qe2 c4 17. dxc4 Qxc4 18. Qxc4 Rxc4 19. Rad1 Rdc8 20. Bf1 R4c7
21. Rd2 h6 22. Bxf6 gxf6 23. Red1 Bc5 24. Rd8+ Kg7 25. Rxc8 Rxc8 26. Rd7 Bc6
27. Rd3 Bd4 28. Bg2 Be8 29. Bf3 a5 30. Bd1 b4 31. axb4 axb4 32. Na2 Bb5 33. Rf3
Ra8 34. c4 bxc3 35. Nxc3 Bxc3 36. Rxc3 Ra1 37. Rb3 Rxd1+ 0-1

[Event "Aeroflot Open B 2015"]
[Site "Moscú RUS"]
[Date "2015.03.27"]
[Round "1.17"]
[White "Gordievsky, Dmitry"]
[Black "Gadimbayli, Abdulla"]
[Result "1-0"]
[WhiteElo "2472"]
[BlackElo "2332"]
[PlyCount "53"]
[EventDate "2015.03.27"]
[EventRounds "9"]
[EventCountry "RUS"]
[Source "lmi"]
[SourceDate "2015.03.27"]

1. d4 Nf6 2. Nf3 g6 3. c4 Bg7 4. Nc3 O-O 5. e4 d6 6. Be2 e5 7. d5 a5 8. Bg5 Na6
9. Nd2 Qe8 10. g4 Nd7 11. h4 Ndc5 12. Nf1 f5 13. gxf5 gxf5 14. Rg1 Kh8 15. Ng3
fxe4 16. Nh5 Qf7 17. Be3 Rg8 18. Kd2 Bf5 19. Rg3 Nd3 20. Qg1 Bf6 21. Nxf6 Qxf6
22. Bg5 Qf7 23. f3 e3+ 24. Qxe3 Ndb4 25. Ne4 Nc5 26. Bf6+ Qxf6 27. Rxg8+ 1-0

[Event "Aeroflot Open B 2015"]
[Site "Moscú RUS"]
[Date "2015.03.27"]
[Round "1.18"]
[White "Savenkov, Konstantin"]
[Black "Potapov, Pavel"]
[Result "0-1"]
[WhiteElo "2331"]
[BlackElo "2471"]
[PlyCount "99"]
[EventDate "2015.03.27"]
[EventRounds "9"]
[EventCountry "RUS"]
[Source "lmi"]
[SourceDate "2015.03.27"]

1. e4 d5 2. exd5 Qxd5 3. Nc3 Qd6 4. d4 Nf6 5. Nf3 g6 6. g3 Bg7 7. Bg2 Qa6 8.
Qe2 O-O 9. O-O Qxe2 10. Nxe2 Bf5 11. Nd2 c6 12. c3 Nbd7 13. Re1 Rfe8 14. f4
Rad8 15. h3 h5 16. Kh2 Nd5 17. Ng1 a5 18. Nc4 a4 19. Bd2 N7b6 20. Na5 Rd7 21.
Rad1 Ra8 22. c4 Rxa5 23. Bxa5 Nxc4 24. Bxd5 Nxa5 25. Bg2 Be6 26. Nf3 Bxa2 27.
Bf1 Bb3 28. Rd2 Bd5 29. Ne5 Rd6 30. g4 hxg4 31. hxg4 Nb3 32. Rd3 Be6 33. Red1
g5 34. Kg3 Bd5 35. Re1 gxf4+ 36. Kxf4 Be6 37. Red1 Rd5 38. Nf3 Rb5 39. g5 Rf5+
40. Ke4 Rd5 41. Rc3 Bf5+ 42. Ke3 e5 43. Rc4 exd4+ 44. Kf4 Nc5 45. Nh4 Bd7 46.
g6 fxg6 47. Nf3 g5+ 48. Kg3 b5 49. Rc2 d3 50. Rcd2 0-1

[Event "Aeroflot Open B 2015"]
[Site "Moscú RUS"]
[Date "2015.03.27"]
[Round "1.19"]
[White "Yuffa, Daniil"]
[Black "Ovod, Evgenija"]
[Result "1-0"]
[WhiteElo "2471"]
[BlackElo "2325"]
[PlyCount "73"]
[EventDate "2015.03.27"]
[EventRounds "9"]
[EventCountry "RUS"]
[Source "lmi"]
[SourceDate "2015.03.27"]

1. d4 d5 2. c4 c6 3. Nc3 Nf6 4. e3 e6 5. Nf3 Nbd7 6. Qc2 Bd6 7. Bd3 O-O 8. O-O
e5 9. cxd5 cxd5 10. e4 exd4 11. Nxd5 Nxd5 12. exd5 h6 13. b3 Nf6 14. Bb2 Nxd5
15. Qc4 Nf6 16. Qxd4 Bc7 17. Bc4 Qxd4 18. Nxd4 a6 19. Rfe1 b5 20. Be2 Ba5 21.
Red1 Bb7 22. Nf5 Rfe8 23. Bxf6 Rxe2 24. Bxg7 Kh7 25. Bd4 Kg6 26. Ne3 f5 27. Kf1
Rd2 28. Bb6 Bb4 29. Rxd2 Bxd2 30. Rd1 Bb4 31. Rd7 Be4 32. f3 Bb1 33. Bd4 Bf8
34. Nd5 Bxa2 35. Nf4+ Kg5 36. g3 h5 37. Rh7 1-0

[Event "Aeroflot Open B 2015"]
[Site "Moscú RUS"]
[Date "2015.03.27"]
[Round "1.20"]
[White "Kathmale, Sameer"]
[Black "Badmatsyrenov, Oleg"]
[Result "1/2-1/2"]
[WhiteElo "2322"]
[BlackElo "2468"]
[PlyCount "96"]
[EventDate "2015.03.27"]
[EventRounds "9"]
[EventCountry "RUS"]
[Source "lmi"]
[SourceDate "2015.03.27"]

1. e4 c5 2. c3 d6 3. d4 Nf6 4. Bd3 Nc6 5. Nf3 Bg4 6. d5 Bxf3 7. Qxf3 Ne5 8.
Bb5+ Nfd7 9. Qe2 a6 10. Ba4 Qa5 11. Bc2 g5 12. Bxg5 Rg8 13. Bf4 Qb6 14. b3 Bg7
15. O-O Qa5 16. Bd2 b5 17. a4 b4 18. Ra2 bxc3 19. Bxc3 Qc7 20. f4 Ng6 21. Bxg7
Rxg7 22. Nd2 Qa5 23. e5 dxe5 24. Bxg6 Rxg6 25. fxe5 Qc3 26. e6 fxe6 27. dxe6
Nf6 28. Nf3 Ng4 29. Qe4 Qe3+ 30. Qxe3 Nxe3 31. Re1 Nd5 32. Re5 Rd8 33. Rd2 Nf4
34. Rxd8+ Kxd8 35. Rxc5 Rxg2+ 36. Kf1 Rg6 37. Nd4 Nxe6 38. Nxe6+ Rxe6 39. b4
Re4 40. Rc6 Rxb4 41. Rxa6 Kd7 42. Rh6 Rxa4 43. Rxh7 Ra2 44. h4 Ke6 45. h5 Kf6
46. Rh8 Kg7 47. Re8 Kh6 48. Rxe7 Kxh5 1/2-1/2

[Event "Aeroflot Open B 2015"]
[Site "Moscú RUS"]
[Date "2015.03.27"]
[Round "1.21"]
[White "Hayrapetyan, Hovik"]
[Black "Lorparizangeneh, Shahin"]
[Result "0-1"]
[WhiteElo "2465"]
[BlackElo "2319"]
[PlyCount "94"]
[EventDate "2015.03.27"]
[EventRounds "9"]
[EventCountry "RUS"]
[Source "lmi"]
[SourceDate "2015.03.27"]

1. Nf3 d5 2. g3 Nf6 3. Bg2 g6 4. b3 Bg7 5. Bb2 O-O 6. c4 c6 7. O-O Bg4 8. d3
Nbd7 9. Nbd2 a5 10. h3 Bxf3 11. Nxf3 Rc8 12. d4 a4 13. Qc2 Ne4 14. Rfd1 a3 15.
Bc1 Qa5 16. Be3 Qc3 17. Rac1 Qxc2 18. Rxc2 e6 19. Ne1 f5 20. g4 h5 21. gxh5
gxh5 22. f3 Nd6 23. Bf4 Nf7 24. cxd5 exd5 25. Bc1 Nd6 26. f4 Ne4 27. Nf3 Kf7
28. Ne5+ Ke6 29. Bf3 h4 30. Kh2 Rg8 31. Bxe4 fxe4 32. f5+ Kd6 33. Ng6 Nf8 34.
Bf4+ Kd7 35. Nxh4 Bf6 36. Ng2 Nh7 37. h4 Rcf8 38. Bg3 Bg7 39. Ne3 Bh6 40. Nxd5
Rxg3 41. Nb6+ Kc7 42. Kxg3 Kxb6 43. d5 Nf6 44. dxc6 Rg8+ 45. Kh3 Bf4 46. Rc3
Be5 47. Rdc1 Nd5 0-1

[Event "Aeroflot Open B 2015"]
[Site "Moscú RUS"]
[Date "2015.03.27"]
[Round "1.22"]
[White "Mammadova, Gulnar"]
[Black "Yilmazyerli, Mert"]
[Result "0-1"]
[WhiteElo "2314"]
[BlackElo "2464"]
[PlyCount "66"]
[EventDate "2015.03.27"]
[EventRounds "9"]
[EventCountry "RUS"]
[Source "lmi"]
[SourceDate "2015.03.27"]

1. e4 g6 2. d4 Bg7 3. Nc3 d6 4. Be3 a6 5. a4 Nf6 6. h3 O-O 7. Nf3 b6 8. Bd3 Bb7
9. O-O Nbd7 10. Qd2 e5 11. d5 c6 12. dxc6 Bxc6 13. Rad1 Qc7 14. Be2 Bxe4 15.
Qxd6 Qxd6 16. Rxd6 Bxc2 17. Rc1 Bf5 18. g4 Be6 19. Ng5 Bb3 20. Bxb6 Nxb6 21.
Rxb6 Rfb8 22. Rc6 Rb4 23. Nf3 e4 24. Nd2 Bxa4 25. Nxa4 Rxa4 26. Rc8+ Rxc8 27.
Rxc8+ Bf8 28. Rc4 Ra1+ 29. Bf1 Re1 30. g5 e3 31. Nf3 Rb1 32. fxe3 Nd5 33. Kf2
Rxf1+ 0-1

[Event "Aeroflot Open B 2015"]
[Site "Moscú RUS"]
[Date "2015.03.27"]
[Round "1.23"]
[White "Lin, Chen"]
[Black "Yeletsky, Ivan"]
[Result "1-0"]
[WhiteElo "2448"]
[BlackElo "2312"]
[PlyCount "59"]
[EventDate "2015.03.27"]
[EventRounds "9"]
[EventCountry "RUS"]
[Source "lmi"]
[SourceDate "2015.03.27"]

1. e4 c5 2. Nf3 d6 3. Nc3 Nf6 4. e5 dxe5 5. Nxe5 e6 6. Bb5+ Nbd7 7. d4 a6 8.
Bxd7+ Nxd7 9. Qf3 Qf6 10. Bf4 cxd4 11. Ne4 Qf5 12. Nc4 Qd5 13. Ncd6+ Bxd6 14.
Nxd6+ Ke7 15. Qxd5 exd5 16. O-O-O Nc5 17. Rxd4 Be6 18. Re1 Kf6 19. Re3 b6 20.
Be5+ Ke7 21. Bg3 Kf6 22. b4 Nd7 23. Rf4+ Kg6 24. Bh4 h6 25. Nxf7 Bxf7 26. Rg3+
Kh5 27. Rxf7 g5 28. Bxg5 hxg5 29. Rxd7 Rad8 30. Rg7 1-0